Entry Personal Name
Number of records used in: 4
001 - CONTROL NUMBER
003 - CONTROL NUMBER IDENTIFIER
005 - DATE AND TIME OF LATEST TRANSACTION
- control field:
20160512094827.0
008 - FIXED-LENGTH DATA ELEMENTS
- fixed length control field:
160512|| aca||aabn | a|a d
040 ## - CATALOGING SOURCE
- Original cataloging agency:
OSt
- Transcribing agency:
OSt
100 ## - HEADING--PERSONAL NAME
- Personal name:
Narayanaswamy R.
670 ## - SOURCE DATA FOUND
- Source citation:
Work cat.: (OSt): Narayanaswamy R., Financial Accounting (A managerial Prespective)